| 000 | 01030nam a22003377a 4500 | ||
|---|---|---|---|
| 999 |
_c20539 _d20539 |
||
| 005 | 20191030110718.0 | ||
| 008 | 191030b xxu||||| |||| 00| 0 spa d | ||
| 020 | _a9788968112584 | ||
| 040 |
_aCO-BoIAVH _cCO-BoIAVH |
||
| 041 | _aeng | ||
| 044 | _ako | ||
| 082 |
_a595.71782 _bB34c |
||
| 100 | _aBayartogtokh, Badamdorj | ||
| 245 | _aCommon Insects of Mongolia. | ||
| 260 |
_aIncheon: _bNational Institute of Biological Resources, _c2016. |
||
| 300 |
_a468 Páginas: _bfotografías, _c22 x 15 cm. |
||
| 650 | 0 | _aCatálogo especies | |
| 650 | 0 |
_aInsectos _x Anatomia. |
|
| 650 | 0 | _aBiodiversidad | |
| 651 | 0 |
_aCambodia _zAsia |
|
| 700 | _aSuh, Min-Hwan | ||
| 700 | _aOh, Kyoung-Hee | ||
| 700 | _aKang, Jae-Shin | ||
| 700 | _aHyun, Chang-Woo | ||
| 700 | _aLee, Jaeho | ||
| 700 | _aJeon, Mi-Jeong | ||
| 700 | _aShin, Ayoung | ||
| 700 | _aOh, Sunhye | ||
| 700 | _aPark, Yu-Jin | ||
| 942 |
_2ddc _cLIBRO |
||